000 00700nam a22001935i 4500
001 168940
003 ES-MaACL
005 20231216062909.0
008 080626s2003 sp |||| | spa d
080 _a930 Muñoz, Juan Bautista
100 1 _aPérez de Tudela y Bueso, Juan,
_d1922-2004
_990810
245 1 0 _aJuan Bautista Muñoz y la "Historia del Nuevo Mundo" /
_cpor Juan Pérez de Tudela y Bueso.
260 _aMadrid :
_bReal Academia de la Historia,
_c2003.
300 _ap. 27-47 ;
_c20 cm.
595 _aSeparata del libro: Homenaje y Memoria (I) (1999-2000)
600 1 4 _aMuñoz, Juan Bautista.
_984321
852 _aES-MaACL
_j2241-F-7
_9R.142421
999 _c168940
_d168940